Statistiques concernant Pays commençant par la lettre E

Cliquez ici pour prendre le quiz!

Statistiques générales

  • Ce quiz a été pris 5 677 fois
  • Le résultat moyen est 6 sur 8

Statistiques - réponses

Réponse% Correct
Estonie
90%
Espagne
89%
Éthiopie
84%
Érythrée
81%
Équateur
79%
États-Unis
71%
Égypte
69%
Émirats arabes unis
65%

Distribution des résultats

Percentile par nombre de réponses

% des personnes avec chaque résultat

Votre développement - résultats

Vous n’avez pas pris ce quiz